Sledovanie procesu vulkanizácie kaučukových zmesí pomocou elektrických metód = The investigation of the vulcanization process of the rubber blends using electrical methods : Diplomová práca

Salvato in:
Dettagli Bibliografici
Autore principale: Benovič, Marek (Autore)
Altri autori: Kubliha, Marian (xxx)
Natura: Manoscritto Libro
Lingua:slovacco
Pubblicazione: Trnava : STU v Bratislave MtF KF, 2007
Soggetti:
Tags: Aggiungi Tag
Nessun Tag, puoi essere il primo ad aggiungerne!!

MARC

LEADER 00000ntm a22000003a 4500
001 stu143260
005 20160719155746.8
008 070713s2007----xo------------------slo-d
040 |a STU  |b slo 
041 0 |a slo 
044 |a xo 
100 1 |a Benovič, Marek  |4 aut 
245 1 |a Sledovanie procesu vulkanizácie kaučukových zmesí pomocou elektrických metód = The investigation of the vulcanization process of the rubber blends using electrical methods :  |b Diplomová práca 
260 |a Trnava :  |b STU v Bratislave MtF KF,  |c 2007 
300 |a 81 s  |c 1 CD-ROM 
500 |a Program: nekovové materiály 
650 7 |a guma  |2 stusub 
650 7 |a vulkanizácia  |2 stusub 
650 7 |a elektrické vlastnosti materiálov  |2 stusub 
700 1 |a Kubliha, Marian  |4 xxx  |u M1000  |U MTF Materiálovotechnologická fakulta  |T MTF Ústav materiálov  |X 4308  |U M1000  |Y 81  |7 4308 
996 |b 284M076627  |c M*DP-6661  |l MMSKP  |s P  |a 0  |w stu143260_0001